00381nam a2200145Ia 4500008004100000020001500041040002400056100002100080245003900101250001100140260003500151490002500186942001100211999001300222221202s9999 xx 000 0 und d a9875501336 aAR-BeUNQbspaeaacr aSuárez, Hilda  0aLa célulabunidad de seres vivos a1a ed. aBuenos AiresbLongsellerc2002 aBiología polimodal cLIBn0 c409d409